000
00293nam a22001337a 4500
008
170615b xxu||||| |||| 00| 0 eng d
020
_a
a2080422601d
041
_a
eng
080
_a
328
100
_a
19
101
_a
SHP
245
_a
THE BURDEN OF GOVERNMENT
_c
MILLS,E.S
942
_2
udc
_c
BK
999
_c
17509
_d
17509